000 00515nmm a2200157Ia 4500
008 251105s9999||||xx |||||||||||||||||und||
020 _a9781558859081
041 _aspa
100 _aBetances Jaeger, Clotilde
245 0 _aEl feminismo no es nuevo :
_b Las crónicas de Clotilde Betances Jaeger
264 _a[Washington, Estados Unidos] :
_bArte Público Press,
_c2020
300 _a200 páginas
650 _aGender and Women Studies
856 _uhttps://public.digitaliapublishing.com/a/82577
942 _cCF
999 _c74959
_d74959